000 00616cam a2200241 4500
008 090401t1992 xxu||||| |||| 00| 0 eng d
020 _a0340563591
035 _a(Sirsi) u69549
041 _aeng
050 _a338.4
100 _aRuddock, L.
245 _aEconomics for construction and property
260 _aLondon
_bEdward Arnold
_c1992
300 _a181p. ; 24cm.
350 _a9.99
650 _aBUILDING INDUSTRY
650 _aCONSTRUCTION INDUSTRY
650 _aECONOMICS
650 _aPROPERTY INDUSTRY
690 _aBUILDING AND CONSTRUCTION-ECONOMICS
942 _n0
948 _c04/03/1997
999 _c95208
_d95208